[Event "Universitarios Oriente zt 28th"]
[Site "Bogota"]
[Date "2019.04.06"]
[Round "1.3"]
[White "Tautiva, Cristian Camilo"]
[Black "Ariza Moreno, Wilmer"]
[Result "1-0"]
[WhiteElo "2005"]
[BlackElo "1602"]
[PlyCount "33"]
[EventDate "2019.04.06"]
[EventType "swiss"]
[EventRounds "6"]
[EventCountry "COL"]
[SourceTitle "EXT 2024"]
[Source "ChessBase"]
[SourceDate "2023.10.10"]
[SourceVersion "1"]
[SourceVersionDate "2023.10.10"]
[SourceQuality "1"]

1. e4 c5 2. Nf3 e6 3. Nc3 g6 4. d4 cxd4 5. Nxd4 Bg7 6. Ndb5 Bxc3+ 7. Nxc3 a6 8. Bf4 Nc6 9. Qd2 Nf6 10. Bd6 h6 11. 0-0-0 b5 12. e5 b4 13. exf6 bxc3 14. Qxc3 Bb7 15. Qb3 Na5 16. Qb4 Bc6 17. Bc7 1-0